| 000 | 00516pab a2200181 454500 | ||
|---|---|---|---|
| 008 | 180718b2006 xxu||||| |||| 00| 0 eng d | ||
| 100 | _aPandey, Ashish | ||
| 245 | _aOrganizational learning and special contribution of `affectivity': case study of an Indian R&D organization | ||
| 260 | _c2006 | ||
| 300 | _ap.75-100. | ||
| 650 | _aKnowledge management | ||
| 650 | _aOrganizations | ||
| 700 | _aRoy, Biswajit | ||
| 700 | _aGupta, Rajen K. | ||
| 773 | _aManagement and Change | ||
| 908 | _aN | ||
| 909 | _a74961 | ||
| 999 |
_c74961 _d74961 |
||